تخطي إلى المحتوى

Теория государства и права методические рекомендации

Методические рекомендации по изучению курса «Теория государства и права» содержат программу, планы семинарских занятий, тематику курсовых работ, рекомендации по подготовке к семинарским занятиям, зачету и экзамену, по самостоятельной работе студентов, выполнению курсовых работ, критерии оценки знани...

وصف كامل

محفوظ في:
التفاصيل البيبلوغرافية
التنسيق: Книга
اللغة:Russian
منشور في: Саранск МГУ им. Н.П. Огарева 2024
الوصول للمادة أونلاين:https://e.lanbook.com/book/478724
https://e.lanbook.com/img/cover/book/478724.jpg
الوسوم: إضافة وسم
لا توجد وسوم, كن أول من يضع وسما على هذه التسجيلة!
LEADER 01867nam0a2200265 i 4500
001 478724
003 RuSpLAN
005 20250415120735.0
008 250415s2024 ru gs 000 0 rus
020 |a 978-5-7103-4706-5 
040 |a RuSpLAN 
041 0 |a rus 
044 |a ru 
080 |a 340.01(076) 
084 |a Х0  |2 rubbk 
245 0 0 |a Теория государства и права  |b методические рекомендации 
260 |a Саранск  |b МГУ им. Н.П. Огарева  |c 2024 
300 |a 60 с. 
504 |a Библиогр.: доступна в карточке книги, на сайте ЭБС Лань 
520 8 |a Методические рекомендации по изучению курса «Теория государства и права» содержат программу, планы семинарских занятий, тематику курсовых работ, рекомендации по подготовке к семинарским занятиям, зачету и экзамену, по самостоятельной работе студентов, выполнению курсовых работ, критерии оценки знаний, рекомендуемую литературу, перечень вопросов для промежуточной аттестации. Предназначено для студентов очного и очно-заочного отделений направления подготовки «Юриспруденция». 
521 8 |a Книга из коллекции МГУ им. Н.П. Огарева - Право. Юридические науки 
521 8 |a СЭБ 
856 4 |u https://e.lanbook.com/book/478724 
856 4 8 |u https://e.lanbook.com/img/cover/book/478724.jpg 
953 |a https://e.lanbook.com/img/cover/book/478724.jpg